Informe sobre las migraciones en el mundo 2013 : el bienestar de los migrantes y el desarrollo /
Guardado en:
| Formato: | Libro |
|---|---|
| Publicado: |
Ginebra :
Organización Internacional para las Migraciones,
2013
|
| Materias: | |
| Etiquetas: |
Agregar Etiqueta
Sin Etiquetas, Sea el primero en etiquetar este registro!
|
| LEADER | 00696nam a22002055a 4500 | ||
|---|---|---|---|
| 001 | CEM.cems014152 | ||
| 008 | 130507s2013##################000#0#####d | ||
| 005 | 20210804184828.0 | ||
| 003 | CEMS | ||
| 245 | 0 | 0 | |a Informe sobre las migraciones en el mundo 2013 : |b el bienestar de los migrantes y el desarrollo / |c Organización Internacional Para Las Migraciones |
| 260 | |a Ginebra : |b Organización Internacional para las Migraciones, |c 2013 | ||
| 300 | |a 228 p. | ||
| 590 | |a 1202.013 | ||
| 020 | |a 9789290686705 | ||
| 653 | |a Migración | ||
| 653 | |a Migración mundial | ||
| 653 | |a Sociología | ||
| 653 | |a Historia mundial | ||
| 653 | |a Biblioteca TC | ||
| 859 | |a CEMS |b BIB. CEMS - 11 de abril |h TC |p 1202.013 |t Ej.1 | ||
